Normal view
MARC view
- Orth, Ulrich
Entry Personal Name
001 - CONTROL NUMBER
- control field: 58591
003 - CONTROL NUMBER IDENTIFIER
- control field: OSt
005 - DATE AND TIME OF LATEST TRANSACTION
- control field: 20240821092648.0
008 - FIXED-LENGTH DATA ELEMENTS
- fixed length control field: 240821|| aca||aabn | a|a d
040 ## - CATALOGING SOURCE
- Original cataloging agency: OSt
- Transcribing agency: OSt
100 ## - HEADING--PERSONAL NAME
- Personal name: Orth, Ulrich
- Relator term: author.
670 ## - SOURCE DATA FOUND
- Source citation: Work cat.: (OSt): Harris, Michelle A. author. 58590, The link between self-esteem and social relationships :, December 2020.
